[Event "13. Obert Int. Sant Marti 2011 - B"]
[Site "Barcelona ESP"]
[Date "2011.07.21"]
[Round "9.2"]
[White "Morais Carreras, Javier"]
[Black "Fernandez Aguilar, Francisco"]
[Result "1/2-1/2"]
[WhiteElo "1957"]
[BlackElo "1918"]
[PlyCount "24"]
[EventDate "2011.07.13"]
[EventType "swiss"]
[EventRounds "9"]
[EventCountry "ESP"]
[SourceTitle "Ajedrez en Madrid"]
[Source "lmi"]
[SourceDate "2011.07.13"]
[SourceVersion "1"]
[SourceVersionDate "2019.06.21"]
[SourceQuality "1"]

1. e4 d5 2. Nf3 dxe4 3. Ng5 Nf6 4. Bc4 e6 5. Nc3 Be7 6. O-O O-O 7. Ngxe4 a6 8.
d3 b5 9. Bb3 Bb7 10. a3 Nbd7 11. Re1 Nxe4 12. Nxe4 Nc5 1/2-1/2

[Event "13. Obert Int. Sant Marti 2011 - B"]
[Site "Barcelona ESP"]
[Date "2011.07.21"]
[Round "9.3"]
[White "Santolaria Pena, M."]
[Black "Cardenas, Fernando Adrian"]
[Result "1-0"]
[WhiteElo "1888"]
[BlackElo "1900"]
[PlyCount "93"]
[EventDate "2011.07.13"]
[EventType "swiss"]
[EventRounds "9"]
[EventCountry "ESP"]
[SourceTitle "Ajedrez en Madrid"]
[Source "lmi"]
[SourceDate "2011.07.13"]
[SourceVersion "1"]
[SourceVersionDate "2019.06.21"]
[SourceQuality "1"]

1. d4 Nf6 2. c3 b6 3. Bf4 Bb7 4. Nf3 d6 5. Nbd2 c5 6. e3 Nbd7 7. Bd3 g6 8. Qe2
a6 9. O-O Bg7 10. Rfe1 Nh5 11. Bg3 Nxg3 12. hxg3 O-O 13. e4 e5 14. dxe5 dxe5
15. Rad1 b5 16. Bc2 Qc7 17. Nf1 Nb6 18. Ne3 Rad8 19. Rxd8 Rxd8 20. Rd1 Rd6 21.
Rxd6 Qxd6 22. Qd2 Qxd2 23. Nxd2 Bh6 24. Ndf1 Kg7 25. f3 f6 26. Kf2 Kf7 27. Nd2
Ke6 28. Ke2 Nc8 29. Nb3 Bf8 30. Na5 Ba8 31. c4 Nb6 32. Bb3 b4 33. Nd5 Bxd5 34.
cxd5+ Kd6 35. Kd3 Bh6 36. Nc4+ Nxc4 37. Bxc4 a5 38. g4 a4 39. Bb5 a3 40. bxa3
bxa3 41. Kc2 f5 42. gxf5 gxf5 43. Kd3 Bf4 44. Bc4 fxe4+ 45. Kxe4 h5 46. Kf5 e4
47. fxe4 1-0

[Event "13. Obert Int. Sant Marti 2011 - B"]
[Site "Barcelona ESP"]
[Date "2011.07.21"]
[Round "9.4"]
[White "Moreno Perez, Norberto"]
[Black "Vargas Ramirez, Ana Maria"]
[Result "0-1"]
[WhiteElo "1955"]
[BlackElo "1776"]
[PlyCount "122"]
[EventDate "2011.07.13"]
[EventType "swiss"]
[EventRounds "9"]
[EventCountry "ESP"]
[SourceTitle "Ajedrez en Madrid"]
[Source "lmi"]
[SourceDate "2011.07.13"]
[SourceVersion "1"]
[SourceVersionDate "2019.06.21"]
[SourceQuality "1"]

1. e4 c5 2. Bc4 e6 3. c3 d5 4. Bd3 Nc6 5. Nf3 Qc7 6. Bc2 dxe4 7. Bxe4 Nf6 8.
Bc2 Be7 9. O-O O-O 10. a3 Rd8 11. Qe2 b6 12. d3 Bb7 13. Bg5 Ng4 14. h3 Bxg5 15.
hxg4 Be7 16. g3 Bd6 17. Re1 Ne7 18. Nbd2 Ng6 19. Ne4 Rab8 20. Rac1 Ne5 21. Nxe5
Bxe5 22. g5 Qc6 23. Qh5 f6 24. Qh3 f5 25. Nd2 Bc7 26. Bb3 Bc8 27. Qxf5 c4 28.
Nxc4 exf5 29. Na5+ Qd5 30. Bxd5+ Rxd5 31. Nc6 Kf8 32. Nxb8 Bxb8 33. d4 f4 34.
Kg2 Rxg5 35. c4 fxg3 36. f3 h5 37. Re4 Bf5 38. Rh4 Bd3 39. b3 Bd6 40. b4 Be2
41. c5 bxc5 42. bxc5 Be7 43. Rf4+ Bf6 44. c6 Ba6 45. Rb1 Ke7 46. Re4+ Kd6 47.
Rc1 Bc8 48. c7 Ra5 49. Re3 Bg5 50. Re5 Rxe5 51. dxe5+ Kd7 52. Rc5 Bf4 53. e6+
Kxe6 54. Rxh5 Kd6 55. Ra5 a6 56. Ra4 g5 57. Rc4 Kd7 58. Rc5 Bb7 59. a4 g4 60.
c8=Q+ Bxc8 61. fxg4 Bb7+ 0-1

[Event "13. Obert Int. Sant Marti 2011 - B"]
[Site "Barcelona ESP"]
[Date "2011.07.21"]
[Round "9.5"]
[White "Delgado Ruiz, Diego"]
[Black "Medina Altamirano, Karla"]
[Result "1-0"]
[WhiteElo "1829"]
[BlackElo "1977"]
[PlyCount "93"]
[EventDate "2011.07.13"]
[EventType "swiss"]
[EventRounds "9"]
[EventCountry "ESP"]
[SourceTitle "Ajedrez en Madrid"]
[Source "lmi"]
[SourceDate "2011.07.13"]
[SourceVersion "1"]
[SourceVersionDate "2019.06.21"]
[SourceQuality "1"]

1. d4 d5 2. Nf3 Nf6 3. Bg5 h6 4. Bh4 c5 5. e3 Nc6 6. Bxf6 exf6 7. Bb5 a6 8.
Bxc6+ bxc6 9. O-O Bg4 10. Nbd2 cxd4 11. exd4 Be7 12. h3 Bh5 13. c3 O-O 14. Qa4
Qb6 15. Qc2 Rab8 16. b3 Bg6 17. Qd1 Qa5 18. b4 Qc7 19. Nh4 Bd6 20. Nxg6 fxg6
21. Nf3 a5 22. a3 axb4 23. axb4 Ra8 24. Qd3 g5 25. Ra6 Qb7 26. Rfa1 Rxa6 27.
Qxa6 Qd7 28. Qa7 Bc7 29. Ra6 Rb8 30. Qc5 Qf5 31. Qe7 Qb1+ 32. Qe1 Qxe1+ 33.
Nxe1 Rb6 34. Ra7 Bf4 35. Ra2 Kf7 36. Nd3 Bd6 37. g3 Kg6 38. Ra7 h5 39. Nc5 Bxc5
40. dxc5 Rb5 41. Rd7 Rb8 42. Kf1 Ra8 43. Ke2 Ra2+ 44. Kd3 Rxf2 45. b5 Kf5 46.
bxc6 Ke6 47. Rd6+ 1-0

[Event "13. Obert Int. Sant Marti 2011 - B"]
[Site "Barcelona ESP"]
[Date "2011.07.21"]
[Round "9.6"]
[White "Diaz Nieto, Alberto"]
[Black "Corominas Garrido, Jordi"]
[Result "1-0"]
[WhiteElo "1948"]
[BlackElo "1897"]
[PlyCount "32"]
[EventDate "2011.07.13"]
[EventType "swiss"]
[EventRounds "9"]
[EventCountry "ESP"]
[SourceTitle "Ajedrez en Madrid"]
[Source "lmi"]
[SourceDate "2011.07.13"]
[SourceVersion "1"]
[SourceVersionDate "2019.06.21"]
[SourceQuality "1"]

1. d4 e6 2. c4 f5 3. Nc3 Nf6 4. Bg5 d5 5. cxd5 exd5 6. Bxf6 gxf6 7. e3 h5 8.
Be2 h4 9. Bh5+ Ke7 10. h3 Bh6 11. Bf3 c6 12. Nge2 Be6 13. Qb3 Qb6 14. Qa3+ Kd7
15. Na4 Qa5+ 16. Nec3 Kd8 1-0

[Event "13. Obert Int. Sant Marti 2011 - B"]
[Site "Barcelona ESP"]
[Date "2011.07.21"]
[Round "9.7"]
[White "Flores Linan, Josep Luis"]
[Black "Amor Alcaide, Manuel"]
[Result "1-0"]
[WhiteElo "1941"]
[BlackElo "1948"]
[PlyCount "101"]
[EventDate "2011.07.13"]
[EventType "swiss"]
[EventRounds "9"]
[EventCountry "ESP"]
[SourceTitle "Ajedrez en Madrid"]
[Source "lmi"]
[SourceDate "2011.07.13"]
[SourceVersion "1"]
[SourceVersionDate "2019.06.21"]
[SourceQuality "1"]

1. d4 d5 2. c4 e5 3. dxe5 d4 4. Nf3 c5 5. g3 Nc6 6. Bg2 Qc7 7. O-O Nxe5 8. Nbd2
Nf6 9. Qc2 Be7 10. Nxe5 Qxe5 11. Nf3 Qe6 12. e3 dxe3 13. Bxe3 O-O 14. Rfe1 Qb6
15. Rad1 h6 16. Bd2 Be6 17. Bc3 Rad8 18. b3 Qc7 19. Be5 Qc8 20. Nd2 Nd7 21. Bc3
Nf6 22. Ne4 Bf5 23. Nxf6+ Bxf6 24. Qb2 Rxd1 25. Rxd1 Rd8 26. Bd5 Bxc3 27. Qxc3
Kf8 28. Qf3 b6 29. Re1 Bg6 30. h4 h5 31. Re5 Re8 32. Qe3 a5 33. f4 Bf5 34. Kg2
f6 35. Rxe8+ Qxe8 36. Qd2 Qd7 37. Qe3 Qd6 38. Be4 Bxe4+ 39. Qxe4 Qd2+ 40. Kf3
Qd8 41. f5 Kg8 42. Qd5+ Qxd5+ 43. cxd5 Kf8 44. d6 b5 45. Ke3 c4 46. bxc4 b4 47.
c5 Ke8 48. c6 Kd8 49. Kd3 a4 50. Kc4 b3 51. axb3 1-0

[Event "13. Obert Int. Sant Marti 2011 - B"]
[Site "Barcelona ESP"]
[Date "2011.07.21"]
[Round "9.8"]
[White "Gonzalez Martin, Fernando"]
[Black "Carmona Gimeno, Javier"]
[Result "0-1"]
[WhiteElo "1937"]
[BlackElo "1847"]
[PlyCount "102"]
[EventDate "2011.07.13"]
[EventType "swiss"]
[EventRounds "9"]
[EventCountry "ESP"]
[SourceTitle "Ajedrez en Madrid"]
[Source "lmi"]
[SourceDate "2011.07.13"]
[SourceVersion "1"]
[SourceVersionDate "2019.06.21"]
[SourceQuality "1"]

1. d4 Nf6 2. g3 d5 3. Bg2 e6 4. Nf3 c5 5. c4 Nc6 6. cxd5 Qxd5 7. Nc3 Qd8 8. Qa4
Bd7 9. dxc5 Bxc5 10. O-O O-O 11. Qc4 Be7 12. Rd1 Rc8 13. Qd3 Nb4 14. Qb1 Qb6
15. Be3 Bc5 16. Bxc5 Qxc5 17. a3 Na6 18. Qd3 Bc6 19. b4 Qe7 20. h3 Rfd8 21. Qe3
b6 22. b5 Bxf3 23. Bxf3 Nc5 24. Rxd8+ Rxd8 25. g4 h6 26. h4 Nh7 27. h5 Qh4 28.
Kg2 Qf6 29. Rc1 Ng5 30. Bc6 e5 31. Ne4 Ngxe4 32. Bxe4 Rd4 33. f3 Nxe4 34. fxe4
Qe7 35. Rc8+ Rd8 36. Rc6 Qd7 37. Kg3 Qd4 38. Qf3 Qd7 39. Qf5 Qe7 40. a4 Qa3+
41. Kf2 Qxa4 42. Rc7 Qd4+ 43. Kg2 Rf8 44. Rxa7 Qb2 45. Kf3 Qxb5 46. Re7 Qb3+
47. Kf2 Qh3 48. Rxe5 Qh2+ 49. Ke3 Qg3+ 50. Kd2 Ra8 51. Rd5 Ra2+ 0-1

[Event "13. Obert Int. Sant Marti 2011 - B"]
[Site "Barcelona ESP"]
[Date "2011.07.21"]
[Round "9.9"]
[White "Sabater Comas, Jordi"]
[Black "Corrales Adamuz, Cristian"]
[Result "1-0"]
[WhiteElo "1911"]
[BlackElo "1827"]
[PlyCount "101"]
[EventDate "2011.07.13"]
[EventType "swiss"]
[EventRounds "9"]
[EventCountry "ESP"]
[SourceTitle "Ajedrez en Madrid"]
[Source "lmi"]
[SourceDate "2011.07.13"]
[SourceVersion "1"]
[SourceVersionDate "2019.06.21"]
[SourceQuality "1"]

1. e4 e5 2. Nf3 Nc6 3. Bb5 a6 4. Ba4 Nf6 5. O-O b5 6. Bb3 Be7 7. Re1 d6 8. h3
Na5 9. d4 Nxb3 10. axb3 Nd7 11. Be3 O-O 12. Nc3 Bb7 13. Nd5 Bxd5 14. exd5 e4
15. Nd2 f5 16. g3 Bg5 17. h4 Be7 18. Qh5 g6 19. Qh6 Nf6 20. c4 Rf7 21. Bg5 Bf8
22. Bxf6 Qxf6 23. Qe3 f4 24. Qxf4 Qxd4 25. Qe3 Qxb2 26. Nxe4 Re8 27. Rab1 Qc2
28. Rbc1 Qb2 29. Re2 Qe5 30. Rce1 Rfe7 31. Qf3 Kg7 32. Ng5 Qf5 33. Rxe7+ Rxe7
34. Rxe7+ Bxe7 35. Ne6+ Kf6 36. Qxf5+ Kxf5 37. cxb5 axb5 38. Nxc7 Ke5 39. Kf1
Kd4 40. Nxb5+ Kxd5 41. Ke2 Bd8 42. Kd3 Bb6 43. Nc3+ Kc6 44. Nd1 Kb5 45. Ne3 Ba5
46. Nc2 Kc5 47. b4+ Bxb4 48. Nxb4 Kxb4 49. Kd4 Kb3 50. g4 Kc2 51. f4 1-0

[Event "13. Obert Int. Sant Marti 2011 - B"]
[Site "Barcelona ESP"]
[Date "2011.07.21"]
[Round "9.10"]
[White "Sumelzo Lozano, Jose"]
[Black "Ruiz Molina, Gabriel"]
[Result "0-1"]
[WhiteElo "1877"]
[BlackElo "1905"]
[PlyCount "82"]
[EventDate "2011.07.13"]
[EventType "swiss"]
[EventRounds "9"]
[EventCountry "ESP"]
[SourceTitle "Ajedrez en Madrid"]
[Source "lmi"]
[SourceDate "2011.07.13"]
[SourceVersion "1"]
[SourceVersionDate "2019.06.21"]
[SourceQuality "1"]

1. e4 e6 2. d4 d5 3. Nd2 Nf6 4. Bd3 c5 5. c3 Nc6 6. Ne2 Qb6 7. dxc5 Bxc5 8. O-O
Ne5 9. Bc2 Nfg4 10. Qe1 Nxf2 11. Rxf2 Ng4 12. Nd4 Nxf2 13. Kxf2 e5 14. exd5 f6
15. Nc4 Qc7 16. Kf1 Bxd4 17. Bb3 Bc5 18. Qg3 Bd7 19. a4 O-O-O 20. Be3 g5 21.
Bc2 h5 22. Qf2 Bxe3 23. Nxe3 Qb6 24. Nf5 Qxf2+ 25. Kxf2 Bxf5 26. Bxf5+ Kc7 27.
c4 a5 28. Rc1 Kd6 29. Ke3 b6 30. Kd3 g4 31. Kc3 Rhg8 32. b4 Rg5 33. Be6 e4 34.
bxa5 bxa5 35. Kd4 Re5 36. c5+ Kc7 37. Ke3 Rb8 38. Rd1 Rb3+ 39. Kf4 Kd8 40. Bf7
e3 41. d6 Rb4+ 0-1